| 000 | 00000nam##2200000za#4500 |
| 001 | 9.686456 |
| 003 | CaOODSP |
| 005 | 20210927150419 |
| 007 | cr ||||||||||| |
| 008 | 150407|2003||||xxc|||||o f|0| 0 eng|d |
| 040 | |aCaOODSP|beng |
| 043 | |an-cn--- |
| 086 | 1 |aR2-261/2003E-IN |
| 110 | 1 |aCanada. |bIndian and Northern Affairs Canada. |
| 245 | 10|aAfter marriage breakdown : |h[electronic resource]|binformation on the on-reserve matrimonial home / |cco-published by Women's Issues and Gender Equality Directorate (INAC) and Status of Women Canada. |
| 260 | |aOttawa - Ontario : |bIndian and Northern Affairs |c2003. |
| 300 | |a[2], 10p. |
| 500 | |aThis document provides information on the on-reserve matrimonial home after the breakdown of a marriage or a common-law relationship. It contains information on the laws as they were at the time this document was written.--page 1. |
| 590 | |a03-09|b2003-02-28 |
| 590 | |a06-10-Supp|b2006-12-15 |
| 690 | 07|aIndigenous peoples|2gcpds |
| 690 | 07|aIndigenous reserves|2gcpds |
| 690 | 07|aCommon-law unions|2gcpds |
| 690 | 07|aDivorce|2gcpds |
| 690 | 07|aMarriage|2gcpds |
| 690 | 07|aReal estate|2gcpds |
| 710 | 2 |aStatus of Women Canada. |
| 775 | 08|tAprès la rupture du mariage : |w(CaOODSP)9.630924 |
| 776 | 0#|tAfter marriage breakdown : |w(CaOODSP)9.664443 |
| 776 | 0#|tAprès la rupture du mariage : |w(CaOODSP)9.664444 |
| 856 | 40|ahttp://publications.gc.ca|qPDF|s321 KB|uhttps://publications.gc.ca/collections/Collection/R2-261-2003E.pdf |